000
00308nam a22001337a 4500
008
210224b ||||| |||| 00| 0 eng d
020
_a
9780443048609
041
_a
eng
080
_a
617
100
_a
5
101
_a
KIR
245
_a
Principles and Practice of Surgery
_c
Forrest , M.P.A
942
_2
udc
_c
BK
999
_c
55156
_d
55156